Historias de la niñez, cuentos para pasar la tarde /

Detalles Bibliográficos
Autor principal: Torres Durán, Jarith Sofía (Autor)
Formato: Electrónico eBook
Lenguaje:español
Publicado: [Pamplona, Colombia] : Sello Editorial Unipamplona, [2023]
Edición:Primera edición.
Colección:Colección Artes (Universidad de Pamplona)
Materias:
Acceso en línea:Digitalia Hispánica

MARC

LEADER 00000nam a2200000 i 4500
001 DIGUPAMP0053
003 NyNyDIG
007 cr |||||||||||
008 250903s2023 ck o 000 j spa d
006 m o d
035 |a (OCoLC)1536545903 
040 |a DGITA  |b eng  |e rda  |e pn  |c DGITA 
020 |a 9786287656093  |q (digital) 
024 7 |a 10.24054/seu.52  |2 doi 
050 1 4 |a PQ8180.43.O77283 ebook 
100 1 |a Torres Durán, Jarith Sofía,  |e author. 
245 1 0 |a Historias de la niñez, cuentos para pasar la tarde /  |c Jarith Sofía Torres Durán. 
250 |a Primera edición. 
264 1 |a [Pamplona, Colombia] :  |b Sello Editorial Unipamplona,  |c [2023] 
300 |a 1 online resource :  |b color illustrations. 
336 |a text  |b txt  |2 rdacontent 
337 |a computer  |b c  |2 rdamedia 
338 |a online resource  |b cr  |2 rdacarrier 
347 |a text file  |2 rdaft 
347 |b PDF 
490 1 |a Colección Artes 
588 0 |a Online resource; title from PDF title page (Digitalia, viewed September 3, 2025) 
655 7 |a Short stories.  |2 lcgft 
791 2 |a Digitalia (Firm),  |e distributor. 
793 0 |g Digitalia eBook Collection:  |a Universidad de Pamplona 
830 0 |a Colección Artes (Universidad de Pamplona) 
856 4 0 |3 Digitalia Hispánica  |u https://www.digitaliapublishing.com/a/175700/ 
910 |a Premium collection: 2025